• 首页
  • 本馆介绍
  • 公告通知
  • 最新文献
  • 馆藏检索
  • 电子资源
  • 读者导购
  • 参考咨询
  • 我的图书馆
  • 登录
  • 详细信息显示
  • 放入我的书架
  • 预约/预借图书
  • 作者相关作品
  • 分类相关作品
  • 丛书相关作品
  • 出版社相关作品

书目信息

  • 表格格式
  • 工作单格式
  • 卡片格式
题名:
排球竞赛裁判法
    
 
作者: ;排球协会裁判委员会 编
分册:  
出版信息: 北京   人民体育出版社  1979
页数: 52页
开本: 19cm
丛书名:
单 册:
中图分类: G842.4
科图分类:
主题词: 排球运动--裁判法
电子资源:
ISBN: 7015.1757
000 00708nam0 2200241 450
001 0179001952
005 20100713171535.0
010    @a7015.1757@dCNY0.16
091    @a7015.1757@dCNY0.16
100    @a20080519d1979 em y0chiy0121 ea
101 0  @achi
102    @aCN@b110000
105    @aak z 000yy
106    @ar
200 1  @a排球竞赛裁判法@9Pai Qiu Jing Sai Cai Pan Fa @f中华人民共和国排球协会裁判委员会编
205    @a第5版
210    @a北京@c人民体育出版社@d1979
215    @a52页@c图@d19cm
606 0  @a排球运动@x裁判法
690    @aG842.4@v4
711 02 @a排球协会裁判委员会@9pai qiu xie hui cai pan wei yuan hui@4编
801  0 @aCN@b91MARC@c20130904
905    @aBZT@dG842.4@e82@f3@sG842.4/82
    
    排球竞赛裁判法/中华人民共和国排球协会裁判委员会编.-第5版.-北京:人民体育出版社,1979
    52页:图;19cm
    
    
    ISBN 7015.1757:CNY0.16
    
●
相关链接 在五车中查询图书 在当当中查询图书 在豆瓣中查询图书


正题名:排球竞赛裁判法     索取号:G842.4/82         预约/预借

序号 登录号 条形码 馆藏地/架位号 状态 备注
1 2000095032   2000095032   旧书回溯/ [索取号:G842.4/82] 在馆    
2 2000095033   2000095033   旧书回溯/ [索取号:G842.4/82] 在馆    
3 2000095034   2000095034   旧书回溯/ [索取号:G842.4/82] 在馆    
山东省滨州职业学院图书馆 欢迎您!
大连网信软件有限公司© 版权所有